NEET Physics for Class 11 & 12 Volume I & II/ (Record no. 207184)
[ view plain ]
| 000 -LEADER | |
|---|---|
| fixed length control field | 01010nam a22002297a 4500 |
| 005 - DATE AND TIME OF LATEST TRANSACTION | |
| control field | 20241128164312.0 |
| 010 ## - LCCN (DPL NO) | |
| LC control number | ENG-142712-713 |
| 020 ## - INTERNATIONAL STANDARD BOOK NUMBER | |
| Terms of availability | 795.00 |
| International Standard Book Number | 9789361598890(Vol 1) |
| 020 ## - INTERNATIONAL STANDARD BOOK NUMBER | |
| Terms of availability | 755.00 |
| International Standard Book Number | 9789361595721(Vol 2) |
| 035 ## - SYSTEM CONTROL NUMBER | |
| System control number | EN-126244-245 |
| 037 ## - SOURCE OF ACQUISITION | |
| Source of stock number/acquisition | DBAD |
| 082 ## - DEWEY DECIMAL CLASSIFICATION NUMBER | |
| Classification number | 530 |
| Edition number | 1 |
| 100 ## - MAIN ENTRY--PERSONAL NAME | |
| Personal name | Tiwari, Girija Shanker |
| 245 ## - TITLE STATEMENT | |
| Title | NEET Physics for Class 11 & 12 Volume I & II/ |
| Statement of responsibility, etc | By Girija Shanker Tiwari |
| 250 ## - EDITION STATEMENT | |
| Edition statement | 1 |
| 260 ## - PUBLICATION, DISTRIBUTION, ETC. (IMPRINT) | |
| Place of publication, distribution, etc | Uttar Pradesh |
| Name of publisher, distributor, etc | Pearson India Education Pvt Ltd |
| Date of publication, distribution, etc | 2025 |
| 270 ## - ADDRESS | |
| City | Uttar Pradesh |
| Address | 1st FLoor, Berger Tower, Plot No. C-001A/2, Sector-16B, Noida |
| Postal code | 201301 |
| 300 ## - PHYSICAL DESCRIPTION | |
| Extent | vpp. |
| Dimensions | 25cm(pb) |
| Other physical details | Index |
| 490 ## - SERIES STATEMENT | |
| Volume number/sequential designation | Vol 1, Vol 2 |
| 500 ## - GENERAL NOTE | |
| General note | Based on NMC and NCERT Syllabi | Previous Year's Questions With Solutions | To...<br/>2025 - NEET Physics Volume I for Class 11 | Based on NMC and NCERT Syllabi | Previous Year's Questions With Solutions | Topic-wise MCQs | NEET Special Questions and Chapter-End Test |
| 942 ## - ADDED ENTRY ELEMENTS (KOHA) | |
| Source of classification or shelving scheme | Dewey Decimal Classification |
| Item type | English Books |
| Classification part | 530 |
| Call number suffix | TIW |
| Edition | 1 |
| Withdrawn status | Lost status | Materials specified (bound volume or other part) | Not for loan | Collection code | Home library | Current library | Date acquired | Source of acquisition | Cost, normal purchase price | Full call number | Barcode | Copy number | Cost, replacement price | Koha item type |
|---|---|---|---|---|---|---|---|---|---|---|---|---|---|---|
| VOL-1 | Non-fiction | Sarojini Nagar | Sarojini Nagar | 28/11/2024 | Delivery of Books Act Division | 795.00 | 530 TIW | EN-126244 | 1 | 795.00 | English Books | |||
| VOL-2 | Non-fiction | Sarojini Nagar | Sarojini Nagar | 28/11/2024 | Delivery of Books Act Division | 755.00 | 530 TIW | EN-126245 | 1 | 755.00 | English Books |
